00424 2200169 4500001002100000005001500021008004100036020002200077035001900099041000700118082001000125090001600135100001600151245002400167260003500191300002800226INLIS00000000002122920241224131017241224||||||||| | ||| |||| || |  a978-602-8394-90-1 0010-1224021229 aid0 a635.2 a635.2 NUR a0 aNur Richana00aARACEAE & DIOSCOREA aBandungbPENERBIT NUANSAc2012 a100 hlm.;15,5 x 23,5 cm